书目信息 |
| 题名: |
2021肖秀荣考研政治知识点精讲精练
|
|
| 作者: | 肖秀荣 主编 | |
| 分册: | ||
| 出版信息: | 北京 国家开放大学出版社 2020.4 |
|
| 页数: | 410页 | |
| 开本: | 26cm | |
| 丛书名: | 肖秀荣2021考研书系 | |
| 单 册: | ||
| 中图分类: | D0 | |
| 科图分类: | ||
| 主题词: | 政治理论--zheng zhi li lun--硕士生入学考试--升学参考资料 | |
| 电子资源: | ||
| ISBN: | 978-7-304-10176-3 | |
| 000 | 01241oam2 2200289 450 | |
| 001 | 2159506579 | |
| 005 | 20211011172912.0 | |
| 010 | @a978-7-304-10176-3@dCNY69.80 | |
| 100 | @a20200908d2020 em y0chiy0120 ea | |
| 101 | 0 | @achi |
| 102 | @aCN@b110000 | |
| 105 | @ay zq 000yy | |
| 106 | @ar | |
| 200 | 1 | @a2021肖秀荣考研政治知识点精讲精练@A2021xiao xiu rong kao yan zheng zhi zhi shi dian jing jiang jing lian@f肖秀荣主编 |
| 210 | @a北京@c国家开放大学出版社@d2020.4 | |
| 215 | @a410页@d26cm | |
| 225 | 2 | @a肖秀荣2021考研书系@Axiao xiu rong 2021kao yan shu xi |
| 300 | @a肖秀荣考研书系由国开出版社独家出版 强化三件套之1 | |
| 312 | @a版权页题名:肖秀荣2021考研政治知识点精讲精练 | |
| 330 | @a本书分为五部分,包括:马克思主义基本原理概论、毛泽东思想和中国特色社会主义理论体系概论、中国近现代史纲要、思想道德修养与法律基础、形势与政策以及当代世界经济与政治。 | |
| 461 | 0 | @12001 @a肖秀荣2021考研书系 |
| 517 | 1 | @a肖秀荣2021考研政治知识点精讲精练@Axiao xiu rong 2021kao yan zheng zhi zhi shi dian jing jiang jing lian |
| 606 | 0 | @a政治理论@Azheng zhi li lun@x硕士生入学考试@j升学参考资料 |
| 690 | @aD0@v5 | |
| 701 | 0 | @a肖秀荣@Axiao xiu rong@f(1944~)@4主编 |
| 801 | 0 | @aCN@b百万庄@c20211009 |
| 905 | @b1307692-95@dD0@e381@f4 | |
| 2021肖秀荣考研政治知识点精讲精练/肖秀荣主编.-北京:国家开放大学出版社,2020.4 |
| 410页;26cm.-(肖秀荣2021考研书系) |
| 肖秀荣考研书系由国开出版社独家出版 强化三件套之1 |
| ISBN 978-7-304-10176-3:CNY69.80 |
| 本书分为五部分,包括:马克思主义基本原理概论、毛泽东思想和中国特色社会主义理论体系概论、中国近现代史纲要、思想道德修养与法律基础、形势与政策以及当代世界经济与政治。 |
| ● |
| 相关链接 |
|
|
|
|
正题名:2021肖秀荣考研政治知识点精讲精练
索取号:D0/381
 
预约/预借
| 序号 | 登录号 | 条形码 | 馆藏地/架位号 | 状态 | 备注 |
| 1 | 1307692 | 213076927 | 第一样本阅览室/ [索取号:D0/381] | 在馆 | |
| 2 | 1307693 | 213076936 | 第一借阅区/ [索取号:D0/381] | 在馆 | |
| 3 | 1307694 | 213076945 | 第一借阅区/ [索取号:D0/381] | 在馆 | |
| 4 | 1307695 | 213076954 | 第一借阅区/ [索取号:D0/381] | 在馆 |